000
00317nam a22001337a 4500
008
171023b xxu||||| |||| 00| 0 eng d
020
_a
0070108137
041
_a
eng
080
_2
3RD
_a
311
100
_a
55
101
_a
STA
245
_a
FUNDAMENTAL METHODS OF MATHEMATICAL ECONOMICS
_c
CHIANG,A.C
942
_2
udc
_c
BK
999
_c
35505
_d
35505